000 00615nam a2200229 4500
001 109035
003 ES-MaACL
005 20230906184749.0
007 t|
008 061121s1986 sp r ||||1| spa d
020 _a84-86169-34-8
100 1 _aMoya Huertas, Miguel.
_983971
245 1 0 _aEn la frontera del Kremlin /
_cMiguel Moya Huertas.
250 _a1ª. ed.
260 _aMadrid :
_bDyrsa,
_c1986.
300 _a402 p. ;
_c20 cm.
490 1 _aEnsayo ;
_v13
500 _aAutógrafo del autor.
830 0 _aEnsayo ;
_v13
_9177699
852 _aES-MaACL
_jL-10893
_bR.111940
999 _c109035
_d109035